Белоусовский рудник на Алтае
| 1. Verfasser: | |
|---|---|
| Körperschaft: | |
| Sprache: | Russisch Englisch |
| Veröffentlicht: |
Ленинград, Издание Геологического комитета, 1929
|
| Schriftenreihe: | Труды Геологического Комитета Новая серия Вып. 163 |
| Schlagworte: | |
| Format: | MixedMaterials Buch |
| KOHA link: | https://koha.lib.tpu.ru/cgi-bin/koha/opac-detail.pl?biblionumber=328975 |
MARC
| LEADER | 00000nam0a2200000 4500 | ||
|---|---|---|---|
| 001 | 328975 | ||
| 005 | 20231102004121.0 | ||
| 035 | |a (RuTPU)RU\TPU\book\354715 | ||
| 090 | |a 328975 | ||
| 100 | |a 20170301d1929 k y0rusy50 ca | ||
| 101 | 0 | |a rus |a eng | |
| 102 | |a RU | ||
| 105 | |a a z 000zy | ||
| 200 | 1 | |a Белоусовский рудник на Алтае |f Г. Л. Падалка |g СССР, Геологический комитет (Геолком) | |
| 210 | |a Ленинград |c Издание Геологического комитета |d 1929 | ||
| 215 | |a 152 с. |c ил., 2 карты, 6 табл. | ||
| 225 | 1 | |a Труды Геологического Комитета | |
| 225 | 1 | |a Новая серия |v Вып. 163 | |
| 606 | 1 | |a Медные месторождения |2 stltpush |3 (RuTPU)RU\TPU\subj\41839 |9 61616 | |
| 610 | 1 | |a библиотека М. А. Усова | |
| 610 | 1 | |a Белоусовский рудник | |
| 610 | 1 | |a Алтай | |
| 610 | 1 | |a орография | |
| 610 | 1 | |a обнажения | |
| 610 | 1 | |a петрография | |
| 610 | 1 | |a тектоника | |
| 610 | 1 | |a метаморфизм | |
| 610 | 1 | |a рудные месторождения | |
| 610 | 1 | |a геология | |
| 675 | |a 553.43 |v 4 | ||
| 700 | 1 | |a Падалка |b Г. Л. | |
| 712 | 0 | 1 | |a СССР |b Геологический комитет (Геолком) |c (1922-1930) |2 stltpush |3 (RuTPU)RU\TPU\col\18484 |
| 801 | 1 | |a RU |b 63413507 |c 20170301 | |
| 801 | 2 | |a RU |b 63413507 |c 20170322 |g RCR | |
| 942 | |c BK | ||